Islams and modernities

Saved in:
Bibliographic Details
Main Author: Azmah, Aziz
Format: Book
Language:English
Published: London : Verso, 1993
Series:Phronesis (London, England).
Subjects:
Tags: Add Tag
No Tags, Be the first to tag this record!

MARC

LEADER 00000cam a2200000 i 4500
001 1/86691
008 990719s1993 eng d
020 |a 0-86091-626-X 
035 |l 10052130 
040 |a GR-MY-UA  |b gre  |e aacr 
041 0 |a eng 
082 0 |a 297.197 
100 1 |a Azmah, Aziz. 
245 1 0 |a Islams and modernities /  |c Aziz Al-Azmeh 
260 |a London :   |b Verso,   |c 1993 
300 |a 157 p. 
490 1 |a Phronesis 
504 |a Includes index 
650 0 0 |a Islam  |y 20th century. 
650 0 0 |a Islam and politics. 
830 0 |a Phronesis (London, England). 
852 |a INST  |b LESVOS  |e 19990719  |h 297.197 AZM  |p 005100015885  |q 005100015885  |t BK  |y 0 
901 |a BIBL1-1999-2 
909 |a Λ  |b 044423 
970 |z 1999/07/19  |a ΚΑΜΑΤΣΟΥ  |b ΔΕΣΠΟΙΝΑ